00727nem a2200193 u 450000500170000000800410001704000250005804100080008304400070009111000600009824502250015825500140038326000340039730000350043165000160046665000180048265000170050071000160051720191224042251.0160513b1996 ck ||||| |a|| 00| 0 spa d aCO-BoIAVHcCO-BoIAVH aspa ack1 aEmpresa Colombiana de petroleos Distrito de Oleoductos 1 aFisiografia, cobertura vegetal y uso del suelo ;bProyecto: Estudio socioeconomico y evaluación fisico espacial para la delimitación de la reserva forestal protectora serrania de las quinchash[Material Cartografico] a1:100.000 aBogotá ;bEcopetrol ;c1996 a1 mapa ;bcolor ;c72 x 77 cm.16aGeografía16aHidrografía16aVegetación1 aBiocolombia